000 00312nam a2200133Ia 4500
005 20251222140041.0
008 251222s1900||||xx |||||||||||||| ||spa||
082 _a129.33/S29
100 _aScheler, Max
245 0 _aEsencia y Formas de la Simpatía
250 _a3a.ed.
264 _bLosada, S.A.
942 _cLIB
999 _c3285
_d3285